[Event "Ukraine Chess Championship-2017 U20 G"]
[Site "Lviv"]
[Date "2017.02.28"]
[Round "9.3"]
[White "Bezkorovaina, Mariia"]
[Black "Vasilenko, Ekaterina"]
[Result "1-0"]
[WhiteElo "2125"]
[BlackElo "1753"]
[PlyCount "121"]
[EventDate "2017.02.21"]
[EventType "swiss"]
[EventRounds "9"]
[EventCountry "UKR"]

1. e4 e6 2. d3 d5 3. Nd2 Nf6 4. Ngf3 g6 5. g3 Bg7 6. Bg2 O-O 7. O-O c5 8. Re1
Nc6 9. Qe2 b6 10. Nf1 d4 11. e5 Nd5 12. h4 b5 13. N1h2 Ba6 14. Ng4 c4 15. Bh6
Bxh6 16. Nxh6+ Kg7 17. Qd2 c3 18. bxc3 dxc3 19. Qc1 Nce7 20. g4 Qb6 21. Ng5 Bb7
22. Ne4 Nc6 23. Qg5 Nd4 24. Nf6 Qd8 25. Rac1 Rb8 26. Re4 Nxf6 27. Qxf6+ Qxf6
28. exf6+ Kxh6 29. Rxd4 Bxg2 30. Kxg2 Rfd8 31. Rxd8 Rxd8 32. Rb1 Rd5 33. Rb3 g5
34. h5 Rd4 35. f3 b4 36. Rb1 Rf4 37. Kf2 a5 38. Re1 Rxf6 39. Re5 a4 40. Ra5 b3
41. axb3 axb3 42. cxb3 Rf4 43. Rc5 f5 44. Kg3 fxg4 45. fxg4 Rd4 46. Rxc3 Kg7
47. Kf3 Rf4+ 48. Kg3 Rd4 49. Rc7+ Kh6 50. Rc3 Kg7 51. Kf2 Rxg4 52. Rc4 Rh4 53.
Rxh4 gxh4 54. Kf3 Kf6 55. Kg4 h3 56. Kxh3 Ke5 57. Kg4 h6 58. b4 Kd4 59. Kf4 e5+
60. Kf5 Kd5 61. b5 1-0